| 000 | 01998nam a22003137i 4500 | ||
|---|---|---|---|
| 003 | DO-SdBNP | ||
| 005 | 20251124104940.0 | ||
| 007 | ta | ||
| 008 | 210415e2020 dr ||||erb||| 001 e spa d | ||
| 040 |
_aDO-SdBNP _bspa _cBNPHU |
||
| 041 | _hspa | ||
| 082 | 4 |
_a860.3 _bN964a _222 |
|
| 100 | 1 |
_aNúñez Cáceres, Javier, _d1940-1991 _eautor _978399 |
|
| 245 | 1 | 0 |
_aArtículos gongorinos y otros textos / _c Javier Núñez Cáceres ; edición a cargo de Herbert E. Craig. |
| 264 |
_aSanto Dopmingo, República Dominicana : _bIsla Negra, _c2020. |
||
| 300 |
_a128 páginas. ; _c22 cm. |
||
| 336 |
_ardacontent _btexto _2txt |
||
| 337 |
_ardamedia _bsin mediación _2n |
||
| 338 |
_ardacarrier _bvolumen _2nc |
||
| 490 | _aVisiones y cegueras. | ||
| 500 | _aIncluye datos biográficos del autor en las solapas | ||
| 500 | _aIncluye referencias bibliográficas y notas al pie de las paginas | ||
| 505 | 0 |
_aIntroducción / _rHerbert E. Craig.- _tIn memoriam Javier Núñez Cáceres. / _rCarlos Varo.- _tAnotaciones a un soneto de don Luis de Góngora.- _t"España humilde estrado y su horizonte dosel": Fuentes para un soneto de don Luis de Góngora.- _tLa estructura emblemática del soneto dedicado a Cristóbal de Mora.- _t"Quanto las cumbres ásperas cabrío / de los montes esconde..." / _r(Polifeno, vs. 46-47).- _tAcerca del título Soledades.- _tLa caída sublime: trayectoria de una cita de Plinio el joven en la polémica culterana.- _tLa torre de Babel en la polémica culterana.- _tPropósito y originalidad del apologético de Juan de Espinosa Medrano.- _tUn sermón de Espinosa Medrano.- _tLos sucesos de Mateo Alemán, ¿Historia o tragedia?.- _tAnotaciones a un soneto de fray Luis de León.- _tLibros y otros textos de Javier Núñez Cáceres. |
|
| 590 | _aInventariado, 2021/MFF | ||
| 600 | 1 | 4 |
_aGóngora y Argote, Luis de, _d ( 1561-1627 ) _xCrítica e interpretación _913417 |
| 700 | 1 |
_936175 _aCraig, Herbert E. , _eeditor. |
|
| 910 | _aValidado. Control de calidad MFF | ||
| 942 |
_2ddc _cLBS1 |
||
| 999 |
_c49740 _d49740 |
||